000
00268nam a2200097Ia 4500
082
_a
J 914.6 KENY
245
0
_a
Spain : come on a journey of discovery
100
_a
KENYON, John London, 2004
_9
73797
942
_c
BK
008
210817s9999 xx 000 0 und d
999
_c
242374
_d
242374